Los filósofos escolásticos de los siglos XVI y XVII. Selección de textos
Furkejuvvon:
| Váldodahkki: | |
|---|---|
| Materiálatiipa: | Dovdameahttun |
| Giella: | eaŋgalasgiella |
| Almmustuhtton: |
Madrid, España.
Biblioteca Autores Cristianos,
1986
|
| Fáttát: | |
| Fáddágilkorat: |
Lasit fáddágilkoriid
Eai fáddágilkorat, Lasit vuosttaš fáddágilkora!
|
MARC
| LEADER | 00000 a2200000 4500 | ||
|---|---|---|---|
| 003 | CL-VaPUC | ||
| 005 | 20211006113109.0 | ||
| 008 | 210422b ||||| |||| 00| 0 eng d | ||
| 999 | |c 432640 |d 432638 | ||
| 020 | |a 9788422012245 | ||
| 040 | |c Pontificia Universidad Católica de Valparaíso | ||
| 082 | |a 189.4 FER 1986 | ||
| 100 | 1 | |a Fernández, Clemente |9 859886 | |
| 245 | |a Los filósofos escolásticos de los siglos XVI y XVII. |b Selección de textos | ||
| 260 | |a Madrid, España. |b Biblioteca Autores Cristianos, |c 1986 | ||
| 300 | |a 1136 páginas | ||
| 583 | |k Cristina Rojas |c 20210422 | ||
| 650 | 0 | |a Filosofía escolástica |9 861260 |x Filósofos |y Siglos 17-18 | |
| 942 | |2 ddc |c BK | ||
| 952 | |0 0 |1 0 |2 ddc |4 0 |6 189_400000000000000_FER_1986 |7 0 |8 A |9 577939 |a BIBEDU |b BIBEDU |d 2021-05-28 |e 74 |g 42371.00 |i 5583446 |l 3 |m 1 |o 189.4 FER 1986 |p 5583446 |r 2025-03-21 |s 2025-03-13 |t 1 |v 42371.00 |w 2021-05-28 |y BK |k FIL | ||